000 00993nam a22003137a 4500
003 CHAP
005 20220329134439.0
008 971013s r 00010 d
010 _a20613
011 _a21585
035 _a25675
040 _cCHAP
090 _aFolleto 5002
100 0 0 _aCerda, Luis Jaime de la.
_921364
245 _aCómo hacer un vivero de café
260 _a(s.l.) :
_bInstituto Mexicano del Café,
_c(s.a.)
300 _a16 p.
_b: ilus.
590 _aBATCH-UPD
_b10
_c20130110
_lUCH01
_h1059
590 _aBATCH-UPD
_b10
_c20130410
_lUCH01
_h0653
590 _aBATCH-UPD
_b10
_c20130914
_lUCH01
_h0806
590 _aCONVERSION
_b10
_c20130109
_lUCH01
_h1312
650 1 4 _aCafé.
_917085
650 1 4 _aViveros cafetaleros.
_9120098
901 _aBK
942 _cFOLL
949 _aFolleto 5002
_bBC
_cFOLL
_d-59175
_eTS1
_i25675
_mD
_si
949 _aFolleto 5002
_bBC
_cFOLL
_d-59176
_eTS2
_fc.2
_i25675
_mD
_si
949 _aFolleto 5002
_bBC
_cFOLL
_d-59177
_eTS2
_fc.3
_i25675
_mD
_si
999 _c20613
_d20613